| 000 | 00569nam a22001697a 4500 | ||
|---|---|---|---|
| 003 | NUST | ||
| 038 | _aNusrat Nadeem | ||
| 082 | _a200 | ||
| 100 |
_aIqbal, Mehroz _9125318 |
||
| 245 |
_aANALYZING THE PERFORMANCE OF NON-LIFE INSURANCE COMPANIES USING TWO-STAGE DATA ENVELOPMENT ANALYSIS/ _cMehroz Iqbal, |
||
| 264 |
_aIslamabad; _bS3H NUST; _c2024. |
||
| 300 |
_a52,p; _bill _c30,cm. |
||
| 650 |
_aMS- Economics _9123068 |
||
| 700 |
_aSupervisor: Dr. Muhammad Zubair Mumtaz _9125319 |
||
| 856 | _uhttp://10.250.8.41:8080/xmlui/handle/123456789/45555 | ||
| 942 |
_2ddc _cSC |
||
| 999 |
_c611076 _d611076 |
||